000 00372nam a2200133Ia 4500
001 3023
008 241024s9999 xx 000 0 und d
082 _aRD/370.97293/R426p/poa/2013
100 _aRepública Dominicana.Ministerio de Educación
245 0 _aPlan Operativo Anual POA 2013
260 _bSanto Domingo
_c2013
901 _a22/7/2013 2:09:35 p.m.
999 _c8992
_d8992